000 00623nam a2200277Ia 4500
005 20260324125506.0
008 008 260324s9999 xx 000 0 eng d
020 _a9781315779706
037 _aEBOOK
040 _aCRL
040 _beng
040 _cCRL
041 _2eng
041 _aeng
084 _qCRL
100 _aArthur Sparks
_91178181
245 0 _aSteel Carriage by Sea
260 _bTaylor and Francis
260 _c2009
365 _a
365 _b690
856 _uhttp://www.taylorfrancis.com/books/9781315779706
942 _cEBOOK
999 _c1773513
_d1773513